| 000 | 00739nam a2200229Ii 4500 | ||
|---|---|---|---|
| 003 | JO-AjNU | ||
| 008 | 230605s9999||||xx |||||||||||||| ||und|| | ||
| 017 | _a2011/7/2719 | ||
| 020 | _a978-9957-07-957-4 | ||
| 040 |
_aJO-AjNU _bara _erda _cJO-AjNU |
||
| 041 | _aara | ||
| 050 | 1 | 4 | _aQ180A1.U2234 2013 |
| 100 | 3 |
_aعبيدات، ذوقات/ م مشارك كايد عبد الحق , _eauthor _942975 |
|
| 245 | 0 | 0 | _aالبحث العلمي مفهومة وادواته واساليبه |
| 250 | _aط15 | ||
| 264 | 3 | 1 | _aعمان: دار الفكر ، 2013 |
| 300 | _a311ص | ||
| 336 |
_atext _btxt _2rdacontent |
||
| 337 |
_aunmediated _bn _2rdamedia |
||
| 338 |
_avolume _bnc _2rdacarrier |
||
| 650 | 4 |
_aالبحث العلمي _942976 |
|
| 999 |
_aA18441 _c22009 _d22009 |
||